| 000 | 02330nam a22003734i 4500 | ||
|---|---|---|---|
| 999 |
_c64172 _d64172 |
||
| 001 | 13604383 | ||
| 003 | CO-MdFUSB | ||
| 005 | 20190202100354.0 | ||
| 008 | 040524t2004 miu g b 100 0 eng | ||
| 010 | _a 2004050602 | ||
| 020 | _a0802826970 (pbk. : alk. paper) | ||
| 040 |
_aDLC _cCO-MdFUSB _dCO-MdFUSB _bspa _erda |
||
| 041 | _aeng | ||
| 042 | _apcc | ||
| 082 |
_224 _aG 231.8 _bC555c |
||
| 242 | 0 | 3 |
_aLa fe cristiana y el problema del mal _lInglés |
| 245 | 0 | 0 |
_aChristian faith and the problem of evil _c/ editado por Peter van Inwagen _b: |
| 264 | 1 |
_aGrand Rapids, Mich. : _bW.B. Eerdmans Pub., _c℗[2004] |
|
| 264 | 4 | _c©2004 | |
| 300 |
_axiv, 316 páginas ; _c24 cm. _b: |
||
| 336 |
_2rdacontent _atexto _btxt |
||
| 337 |
_2rdamedia _asin mediación _bn |
||
| 338 |
_2rdacarrier _avolumen _bnc |
||
| 504 | _aIncludes bibliographical references. | ||
| 505 | _aIntroducción / Peter van Inwagen -- Supralapsarianismo, o O Felix Culpa / Alvin Plantinga -- Probability and Drapers argumento probatorio del mal / Richard Otte -- Más dolor y placer: una respuesta a Otte / Paul Draper -- El argumento del mal / Peter van Inwagen -- El problema del mal: restricciones morales y compromisos filosóficos / Del Kiernan-Lewis -- El problema de las granadas / Stephen Griffith -- Sufrir como experiencia religiosa / Laura Waddell Ekstrom -- El evangelio del sufrimiento redentor: reflexiones sobre Juan Pablo II Salvifici Doloris / Eduardo J. Echeverría -- En la Biblia, ¡puede ser tan duro! Mujeres maltratadas, sufrimiento y el problema del mal / Carol Winkelmann -- Narcisismo normal y la necesidad de teodicea / Richard T. McClelland -- Bueno, el mal y el pensamiento de Simone Weil / Robert Stanley -- Ver a Dios donde están las cosas salvajes: un ensayo sobre la derrota del mal horrendo / John R. Schneider -- Pecaminosidad inocente, pecado culpable: pecado original y justicia divina / Keith D. Wyma -- La fe confronta al mal / Barbara Omolade | ||
| 650 | 0 |
_aBien y mal _9936 |
|
| 650 | 7 |
_aDios _2 _9178 |
|
| 700 | 1 | _aVan Inwagen, Peter. | |
| 906 |
_a7 _bcbc _corignew _d1 _eocip _f20 _gy-gencatlg |
||
| 942 | _cBK | ||